| 000 | 00606nam a22001817a 4500 | ||
|---|---|---|---|
| 999 |
_c185489 _d185489 |
||
| 005 | 20220203112912.0 | ||
| 010 | _aENG-131372 | ||
| 020 |
_a9789390869008 _c240.00 |
||
| 035 | _aEN-114904 | ||
| 037 | _bDBAD | ||
| 082 | _aS | ||
| 100 | _aRashmi | ||
| 245 |
_aMen-Women, Mars-Venus & All That B***S***: _bThe Man-Woman Relationship Rediscovered/ _cRashmi |
||
| 260 |
_aMaharashtra _bVihwakarma Publications _c2021 |
||
| 270 |
_a34A/1, Suyog Center, 7th Floor, Gultekadi Marketyard Road, Giridhar Bhavan Chowk _bPune _e411037 _minfo@vpindia.co.in |
||
| 300 |
_a184p. _c22cm(pbk) |
||
| 942 |
_2ddc _cEN _hS _mRAS |
||